000 00679nam a22002297a 4500
001 30641
003 UA-OsUOA
005 20210916224832.0
007 ta
008 20041111b un ||||| |||| 00| 0 ukr d
040 _aUA-OsUOA
_brus
_cUA-OsUOA
_dUA-OsUOA
041 _arus
044 _aRU
080 _a82(091)(47+57)
090 _a82(091)(47+57)
_bИ90
245 _aИстория русской советской литературы (1917-1940)
_bучебное пособие
_cред. А. И. Метченко, С. М. Петрова
260 _aМосква
_bПросвещение
_c1975
300 _a496 с.
650 7 _2UDC
942 _cBK
_2udc
955 _a0
999 _c317055
_d317055